Mitteilungen aus dem Museum für Naturkunde in Berlin. (Record no. 15861)

000 -LEADER
fixed length control field 00759cas a2200205 a 4500
022 ## - INTERNATIONAL STANDARD SERIAL NUMBER
ISSN 1435-1935
040 ## - CATALOGING SOURCE
Transcribing agency NcD
082 04 - DEWEY DECIMAL CLASSIFICATION NUMBER
Classification number 590 WIL 2007 A081 Or.
245 00 - TITLE STATEMENT
Title Mitteilungen aus dem Museum für Naturkunde in Berlin.
246 30 - VARYING FORM OF TITLE
Title proper/short title Zoologische Reihe
246 1# - VARYING FORM OF TITLE
Title proper/short title Bulletin of the Berlin Museum of Natural History.
246 30 - VARYING FORM OF TITLE
Title proper/short title Zoological series
260 ## - PUBLICATION, DISTRIBUTION, ETC. (IMPRINT)
Place of publication Berlin :
Name of publisher Wiley-VCH ;
Place of publication Somerset, N.J. :
Name of publisher J. Wiley [distributor],
Year of publication c1998-2007.
300 ## - PHYSICAL DESCRIPTION
Number of Pages v. :
Other physical details ill., maps ;
Dimensions 30 cm.
500 ## - GENERAL NOTE
General note Published: Berlin : Wiley-VCH ; Somerset, N.J. : J. Wiley [distributor], 1998- ; published: Weinheim : Wiley-VCH Verlag GmbH & Co. KGaA, <2005->
650 #0 - SUBJECT ADDED ENTRY--TOPICAL TERM
Topical Term Zoology
650 #7 - SUBJECT ADDED ENTRY--TOPICAL TERM
Topical Term Zoology.
710 2# - ADDED ENTRY--CORPORATE NAME
Corporate name or jurisdiction name as entry element Humboldt-Universität zu Berlin.
942 ## - ADDED ENTRY ELEMENTS (KOHA)
Koha item type សៀវភៅភាសាអង់គ្លេស
952 ## - LOCATION AND ITEM INFORMATION (KOHA)
Withdrawn status [LOCAL, KOHA] 0
Holdings
Permanent Location Date acquired Koha item type Lost status Shelving location Barcode Current Location Full call number
Library Block A2017-12-13សៀវភៅភាសាអង់គ្លេស A081A12169Library Block A590 WIL 2007 A081 Or.
មជ្ឈមណ្ឌលឯការនៃសាកលវិទ្យាល័យភូមិន្ទកសិកម្មចំការដូង

Powered by Koha